Γλώσσα Ε' δημοτικού : της γλώσσας ρόδι και ροδάνι ; τετράδιο εργασιών

Αποθηκεύτηκε σε:
Λεπτομέρειες βιβλιογραφικής εγγραφής
Κύριος συγγραφέας: Αναστασοπούλου, Αναστασία (Συγγραφέας)
Συλλογικό Έργο: Υπουργείο Παιδείας και Θρησκευμάτων, Πολιτισμού και Αθλητισμού, Παιδαγωγικό Ινστιτούτο
Μορφή: Βιβλίο
Γλώσσα:Greek
Δημοσίευση: Αθήνα : Ινστιτούτο Τεχνολογίας Υπολογιστών και Εκδόσεων ''Διόφαντος'', 2014.
Αθήνα : Οργανισμός Εκδόσεως Διδακτικών Βιβλίων, [2006]
Θέματα:
Ετικέτες: Προσθήκη ετικέτας
Δεν υπάρχουν, Καταχωρήστε ετικέτα πρώτοι!

MARC

LEADER 00000cam a2200000 i 4500
001 1/36020
008 061024m20062014gr | ||| |||| ||gre||
020 |a 9600617856   |q (set) 
020 |a 9600617864   |q (τ.1) 
035 |l 10085708 
040 |a GR-MY-UA  |b gre  |e aacr 
041 0 |a gre 
082 0 |a 372.6   |2 (22) 
245 1 0 |a Γλώσσα Ε' δημοτικού :   |b της γλώσσας ρόδι και ροδάνι ; τετράδιο εργασιών /   |c Αναστασία Αναστασοπούλου...[κ.ά.] ; Υπουργείο Παιδείας και Θρησκευμάτων, Παιδαγωγικό Ινστιτούτο 
260 |a Αθήνα :   |b Ινστιτούτο Τεχνολογίας Υπολογιστών και Εκδόσεων ''Διόφαντος'',   |c 2014. 
260 |a Αθήνα :   |b Οργανισμός Εκδόσεως Διδακτικών Βιβλίων,   |c [2006] 
300 |a 71 σ. :   |b εικ., σχέδ. ;   |c 28 εκ. 
650 0 0 |a Greek language, Modern  |x Grammar  |x Study and teaching (Elementary) 
650 0 0 |a Greek language, Modern  |x Composition and exercises  |x Study and teaching (Elementary) 
650 0 0 |a Greek language, Modern  |x Study and teaching (Elementary) 
700 1 |a Αναστασοπούλου, Αναστασία,  |e aut 
710 2 |a Υπουργείο Παιδείας και Θρησκευμάτων, Πολιτισμού και Αθλητισμού. 
710 2 |a Παιδαγωγικό Ινστιτούτο. 
852 |a INST  |b RHODES  |e 20061024  |h 372.6 ΓΛΩ  |p 005400024026  |q 005400024026  |t BK  |y 0  |z τ.1 
852 |a INST  |b RHODES  |e 20061024  |h 372.6 ΓΛΩ  |p 005400024027  |q 005400024027  |t BK  |y 0  |z τ.1 
852 |a INST  |b RHODES  |e 20061024  |h 372.6 ΓΛΩ  |p 005400024026  |q 005400024026  |t BK  |v τ.1:  |y 0  |z τ.1 
852 |a INST  |b RHODES  |e 20061024  |h 372.6 ΓΛΩ  |p 005400024027  |q 005400024027  |t BK  |v τ.1:  |y 0  |z τ.1 
852 |a INST  |b RHODES  |e 20190218  |h 372.6 ΓΛΩ  |p 005400040454  |q 005400040454  |t BK  |v τ.2:  |y 0 
853 |a INST  |b RHODES  |h 372.6 ΓΛΩ 
901 |a BIBL4-2006-3 
909 |a Ρ  |b 127065 
909 |a Ρ  |b 127066 
970 |a ΚΟΖΑ  |b ΜΑΡΙΑ  |z 2006/10/24